<?xml version="1.0" encoding="UTF-8"?><?xml-stylesheet type="text/xsl" href="static/style.xsl"?><OAI-PMH xmlns="http://www.openarchives.org/OAI/2.0/" xmlns:xsi="http://www.w3.org/2001/XMLSchema-instance" xsi:schemaLocation="http://www.openarchives.org/OAI/2.0/ http://www.openarchives.org/OAI/2.0/OAI-PMH.xsd"><responseDate>2026-06-02T02:13:44Z</responseDate><request verb="GetRecord" identifier="oai:riuma.uma.es:10630/26336" metadataPrefix="marc">https://riuma.uma.es/rest/oai/request</request><GetRecord><record><header><identifier>oai:riuma.uma.es:10630/26336</identifier><datestamp>2026-02-03T11:05:14Z</datestamp><setSpec>com_10630_2254</setSpec><setSpec>col_10630_37953</setSpec></header><metadata><record xmlns="http://www.loc.gov/MARC21/slim" xmlns:dcterms="http://purl.org/dc/terms/" xmlns:doc="http://www.lyncode.com/xoai" xmlns:xsi="http://www.w3.org/2001/XMLSchema-instance" xsi:schemaLocation="http://www.loc.gov/MARC21/slim http://www.loc.gov/standards/marcxml/schema/MARC21slim.xsd">
   <leader>00925njm 22002777a 4500</leader>
   <datafield ind2=" " ind1=" " tag="042">
      <subfield code="a">dc</subfield>
   </datafield>
   <datafield ind2=" " ind1=" " tag="720">
      <subfield code="a">Campaña, Isidoro</subfield>
      <subfield code="e">author</subfield>
   </datafield>
   <datafield ind2=" " ind1=" " tag="720">
      <subfield code="a">Benito-Calvo, Alfonso</subfield>
      <subfield code="e">author</subfield>
   </datafield>
   <datafield ind2=" " ind1=" " tag="720">
      <subfield code="a">Pérez-González, Alfredo</subfield>
      <subfield code="e">author</subfield>
   </datafield>
   <datafield ind2=" " ind1=" " tag="720">
      <subfield code="a">Álvaro-Gallo, Ana</subfield>
      <subfield code="e">author</subfield>
   </datafield>
   <datafield ind2=" " ind1=" " tag="720">
      <subfield code="a">Miguens-Rodríguez, Leticia</subfield>
      <subfield code="e">author</subfield>
   </datafield>
   <datafield ind2=" " ind1=" " tag="720">
      <subfield code="a">Iglesias-Cibanal, Javier</subfield>
      <subfield code="e">author</subfield>
   </datafield>
   <datafield ind2=" " ind1=" " tag="720">
      <subfield code="a">Bermúdez de Castro, José María</subfield>
      <subfield code="e">author</subfield>
   </datafield>
   <datafield ind2=" " ind1=" " tag="720">
      <subfield code="a">Carbonell, Eudald</subfield>
      <subfield code="e">author</subfield>
   </datafield>
   <datafield ind2=" " ind1=" " tag="260">
      <subfield code="c">2022-10-31</subfield>
   </datafield>
   <datafield ind2=" " ind1=" " tag="520">
      <subfield code="a">Gran Dolina es una cueva rellena por al menos 25 m de sedimentos pleistocenos dividido en 12 unidades litoestratigráficas y 19&#xd;
facies sedimentarias. Estas facies sedimentarias se han dividido entre facies alóctonas, definidas como entradas de sedimentos&#xd;
desde el exterior, y facies autóctonas, definidas como sedimentos generadas dentro del karst; sin embargo, esta clasificación&#xd;
de facies ha sido cuestionada en trabajos recientes. En este estudio se ha descrito en detalle las unidades TD1 y TD2 de Gran&#xd;
Dolina y se ha evaluado la idoneidad del uso de facies autóctonas. Para ello, se ha estudiado la sección estratigráfica de la&#xd;
excavación arqueológica, combinando observaciones de campo con análisis de laboratorio (tamizado, difracción láser y DRX)&#xd;
para caracterizar la textura y estructura de los sedimentos. A partir de estos estudios, se han identificado un total de 8 facies&#xd;
sedimentarias, y se han separado la unidad TD1 en dos sub-unidades y 13 niveles, y la unidad TD2 en tres sub-unidades. La&#xd;
asociación de facies indica una sucesión de fases freáticas y vadosas que definiría conjuntamente condiciones epifreáticas en&#xd;
el interior de la cueva, relacionadas con la transición entre la terraza T3 y la terraza T4 del valle del río Arlanzón. Por tanto, se&#xd;
propone el término facies de interior (y facies de entrada en vez de facies alóctonas) para definir los sedimentos de las unidades&#xd;
de TD1 y TD2 de Gran Dolina, ya que el análisis de facies indica transporte de los sedimentos por corrientes subterráneas.</subfield>
   </datafield>
   <datafield ind1="8" ind2=" " tag="024">
      <subfield code="a">Campaña, I., Benito-Calvo, A., Pérez-González, A., Álvaro-Gallo, A., Miguens-Rodríguez, L., Iglesias-Cibanal, J., ... &amp; Carbonell, E. (2022). Revision of TD1 and TD2 stratigraphic sequence of Gran Dolina cave (Sierra de Atapuerca, Spain). Journal of Iberian Geology, 1-19.</subfield>
   </datafield>
   <datafield ind1="8" ind2=" " tag="024">
      <subfield code="a">https://hdl.handle.net/10630/26336</subfield>
   </datafield>
   <datafield ind1="8" ind2=" " tag="024">
      <subfield code="a">https://doi.org/10.1007/s41513-022-00200-8</subfield>
   </datafield>
   <datafield tag="653" ind2=" " ind1=" ">
      <subfield code="a">Estratigrafía</subfield>
   </datafield>
   <datafield tag="653" ind2=" " ind1=" ">
      <subfield code="a">Geología</subfield>
   </datafield>
   <datafield tag="653" ind2=" " ind1=" ">
      <subfield code="a">Cuevas</subfield>
   </datafield>
   <datafield tag="653" ind2=" " ind1=" ">
      <subfield code="a">Espeleología</subfield>
   </datafield>
   <datafield ind2="0" ind1="0" tag="245">
      <subfield code="a">Revision of TD1 and TD2 stratigraphic sequence of Gran Dolina cave (Sierra de Atapuerca, Spain)</subfield>
   </datafield>
</record>
</metadata></record></GetRecord></OAI-PMH>